000 00481nam a2200133 4500
999 _c14178
_d14178
008 190903b ||||| |||| 00| 0 eng d
082 _aDPer 050 T48 Apr-June 2016 v. 187 n. 12-24
100 _939303
_aThompson, Mark.
245 _aIn the military, victims of sexual abuse sometimes suffer twice/
_cMark Thompson.
260 _aHong Kong:
_bTime Asia,
_cc2016.
300 _av187 n20, pages 10-11:
_billustrations;
_c27 cm.
650 _aSexual harassment.
_935216
942 _2ddc
_cPER